5-Letter Ends in 'O' Quiz Stats

Quiz Updated Jun 16, 2016

Challenge
Share
Tweet
Embed
Score 0/25 Timer 04:00
9 Plays Today
5-Letter Word % Correct
Aachoo
97.5%
Llasso
93.7%
Vvideo
92.3%
Iigloo
89.3%
Ggecko
88.5%
Ttorso
88.5%
Ppolio
86.4%
Jjumbo
84.8%
Zzippo
84.8%
BBilbo
84.7%
Qqueso
77.5%
Fforgo
75.9%
Ccameo
73.7%
5-Letter Word % Correct
Rratio
73.2%
Hhippo
72.4%
Nnitro
70.3%
Mmambo
67.4%
Uutero
66.7%
Dditto
62.4%
Ssteno
61.1%
EErato
35%
Kkendo
32.7%
YYakko
30%
Wwilco
25.6%
OOrfeo
13.2%

You're not logged in!

Compare scores with friends on all Sporcle quizzes.
Sign Up with Email
OR
Log In

You Might Also Like...

Show Comments

Extras

Top Quizzes Today


Score Distribution

Your Account Isn't Verified!

In order to create a playlist on Sporcle, you need to verify the email address you used during registration. Go to your Sporcle Settings to finish the process.